RECONSIDERING THE DEMOCRATIC PUBLIC (Record no. 59233)
[ view plain ]
| 000 -LEADER | |
|---|---|
| fixed length control field | 00330nam a22001457a 4500 |
| 008 - FIXED-LENGTH DATA ELEMENTS--GENERAL INFORMATION | |
| fixed length control field | 230116b ||||| |||| 00| 0 eng d |
| 020 ## - INTERNATIONAL STANDARD BOOK NUMBER | |
| International Standard Book Number | 9780271009278 |
| 041 ## - LANGUAGE CODE | |
| Language code of text/sound track or separate title | eng |
| 080 ## - UNIVERSAL DECIMAL CLASSIFICATION NUMBER | |
| Universal Decimal Classification number | 94 |
| 082 ## - DEWEY DECIMAL CLASSIFICATION NUMBER | |
| Classification number | 94MAR |
| 100 ## - Rafti | |
| Rafti | 30.1 |
| 101 ## - Shkurtesa | |
| Shkurtesa | HISTO |
| 245 ## - TITLE STATEMENT | |
| Title | RECONSIDERING THE DEMOCRATIC PUBLIC |
| Statement of responsibility, etc | MARCUS E G |
| 942 ## - ADDED ENTRY ELEMENTS (KOHA) | |
| Source of classification or shelving scheme | |
| Item type | Books |
No items available.